00504nam a2200193Ia 4500003000900000008004100009040001300050040001300063041000800076100002900084245008000113250001100193260001600204260000900220300001100229300001000240490005200250490000800302IT-RoPAU120407s9999 xx 000 0 und d aIT-RoPAU cIT-RoPAU aita aArthur Stanley Eddington aSpazio, tempo e gravitazione. La teoria della relatività generale. 2a ed. aTorino aBoringhieri c1966 a257 p. c22 cm aBiblioteca di cultura scientifica/serie azzurra v154